000 00270nam a22001097a 4500
008 170125b xxu||||| |||| 00| 0 eng d
020 _a9780323037273
041 _aeng
080 _26TH
_a618.2
245 _aMEDICAL-SURGICAL NURSING CARE
_cSMEARINGEN, P.L
942 _2udc
_cBK
999 _c3626
_d3626